5HLuxD.jpg

KING HENRY VIII SENIOR AND PRIMARY SCHOOL LIBRARY OPAC

DRACULA SPECTACULAR (Record no. 4262)

000 -LEADER
fixed length control field 00508nam a22001457a 4500
008 - FIXED-LENGTH DATA ELEMENTS--GENERAL INFORMATION
fixed length control field 250204b ||||| |||| 00| 0 eng d
020 ## - INTERNATIONAL STANDARD BOOK NUMBER
International Standard Book Number 9781509845989
082 ## - DEWEY DECIMAL CLASSIFICATION NUMBER
Classification number 823.92
100 ## - MAIN ENTRY--PERSONAL NAME
Personal name ROWLAND,LUCY
Relator term AUTHOR
Language of a work ENGLISH
245 ## - TITLE STATEMENT
Title DRACULA SPECTACULAR
260 ## - PUBLICATION, DISTRIBUTION, ETC.
Name of publisher, distributor, etc. MACMILLAN
300 ## - PHYSICAL DESCRIPTION
Extent 17CM
Other physical details COLOUR ILLUSTRATION
500 ## - GENERAL NOTE
General note FULL OF SPOOKS AND SPARKLES,THIS SPECTACULAR BOOK SHOWS THAT WITH GOOD FRIENDS AND A SPRINKLING OF RAINBOW MAGIC,ANYTHING CAN HAPPEN!
942 ## - ADDED ENTRY ELEMENTS (KOHA)
Source of classification or shelving scheme
Classification part 823.92
Holdings
Withdrawn status Lost status Source of classification or shelving scheme Damaged status Not for loan Collection code Permanent Location Current Location Shelving location Date acquired Total Checkouts Total Renewals Full call number Barcode Date due Date last seen Date last checked out Price effective from Koha item type Public note
          Fiction KH8 Primary School Library KH8 Primary School Library Fiction 2025-02-04 10 1 823.92 KHPL000005071 2026-04-23 2026-04-15 2026-04-15 2025-02-04 Books - Fiction KH8 PRIMARY SCHOOL LIBRARY

Powered By KH8 IT Dept